00909nam a22002177a 4500999001700000003000900017008004100026040007100067082002400138100003000162245004800192260002700240300002600267505020200293650001700495650002100512650002600533942001600559945002000575952009600595  c12139d12139AR-CdUCM190405b           ||||| |||| 00| 0 spa d  aMUNICIPALIDAD PROVINCIAL DEL CUSCOcBIBLIOTECA MUNICIPAL DEL CUSCO  23 ed.a341 / bS55   aSilva Santisteban, José  aDerecho natural o filosofía del derecho /  aLima :bCrete e hijos,  a252 páginasc18 cm.  aContenido : Introducción -- Reseña histórica del desenvolvimiento  de la idea del derecho -- Exposición y exámenes de las principales escuelas -- Deducción de la noción de derecho ...  aDerecho9739  aFilosofía9395  aDerecho natural91768  2ddccLIBROS  arahd05/04/2019  002ddc4070aSCAbSCAcCARTd2019-04-05g30.00o341 /  S55pSCA0001831r2019-04-05yLIBROS